000 00704nam a2200289Ia 4500
005 20260324135123.0
008 008 260324s9999 xx 000 0 eng d
020 _a9780203037065
037 _aEBOOK
040 _aCRL
040 _beng
040 _cCRL
041 _2eng
041 _aeng
084 _qCRL
100 _aStefan Reif
_91199416
245 2 _aA Jewish Archive from Old Cairo
245 4 _bThe History of Cambridge University's Genizah Collection
260 _bTaylor and Francis
260 _c2000
365 _a
365 _b300
856 _uhttp://www.taylorfrancis.com/books/9780203037065
942 _cEBOOK
999 _c1800166
_d1800166